The Pocket list of railroad officials.

Bibliographic Details
Format: Serial
Language:English
Published: New York : National Railway Publication, [1895-]
Subjects:
Online Availability: Check for online availability

MARC

Tag First Indicator Second Indicator Subfields
LEADER 00000cas a22000001a 4500
001 in00000098596
005 20240326161639.5
008 771208u1895uuuunyuqr r 0 a0engm
010 |a  07041367  
012 |a 3  |k 1  |m 1 
022 1 |a 0032-1826 
035 |a (OCoLC)03473014 
035 |9 AAK9700AM 
040 |a DLC  |c MHS  |d HUL  |d NSD  |d DLC  |d TXA  |d UtOrBLW 
042 |a nsdp  |a lc 
043 |a n-us---  |a n-cn---  |a n-mx--- 
049 |a TXAE 
050 0 0 |a HE2723  |b P7 
222 4 |a The Pocket list of railroad officials 
245 0 4 |a The Pocket list of railroad officials. 
264 1 |a New York :  |b National Railway Publication,  |c [1895-] 
300 |a volumes :  |b illustrations ;  |c 15 cm. 
310 |a Quarterly 
336 |a text  |b txt  |2 rdacontent 
337 |a unmediated  |b n  |2 rdamedia 
338 |a volume  |b nc  |2 rdacarrier 
362 0 |a No. 1 (1895)- 
500 |a Subtitle varies slightly. 
500 |a Description based on: Volume 88, number 1 (1982); [Serial Number 349]. 
650 0 |a Railroads  |x Directories. 
999 |a MARS 
999 f f |s 4b6b13d2-3535-31f3-877c-dce691975591  |i 09418464-fbc9-33f7-9190-ad96cb58ace4  |t 0 
952 f f |a Texas A&M University  |b Rellis Campus  |c Joint Library Facility  |d Remote Storage  |e HE2723 P7  |h Library of Congress classification  |i unmediated -- volume  |k v.74:no.1:ser.no.293  |l 1968  |m A14812243069  |p ric  |s JLF  |t 0 
952 f f |a Texas A&M University  |b Rellis Campus  |c Joint Library Facility  |d Remote Storage  |e HE2723 P7  |h Library of Congress classification  |i unmediated -- volume  |k v.88:no.1:ser.no.349  |l 1982  |m A14806029813  |p ric  |s JLF  |t 0 
952 f f |a Texas A&M University  |b Rellis Campus  |c Joint Library Facility  |d Remote Storage  |e HE2723 P7  |h Library of Congress classification  |i unmediated -- volume  |k v.80:no.3:ser.no.319  |l 1974  |m A14812242819  |p ric  |s JLF  |t 0 
952 f f |a Texas A&M University  |b Rellis Campus  |c Joint Library Facility  |d Remote Storage  |e HE2723 P7  |h Library of Congress classification  |i unmediated -- volume  |k v.75:no.4:ser.no.300  |l 1969  |m A14812243116  |p ric  |s JLF  |t 0 
952 f f |a Texas A&M University  |b Rellis Campus  |c Joint Library Facility  |d Remote Storage  |e HE2723 P7  |h Library of Congress classification  |i unmediated -- volume  |k v.76:no.1:ser.no.301  |l 1970  |m A14812242526  |p ric  |s JLF  |t 0 
952 f f |a Texas A&M University  |b Rellis Campus  |c Joint Library Facility  |d Remote Storage  |e HE2723 P7  |h Library of Congress classification  |i unmediated -- volume  |k v.72:no.2:ser.no.286  |l 1966  |m A14812243019  |p ric  |s JLF  |t 0 
952 f f |a Texas A&M University  |b Rellis Campus  |c Joint Library Facility  |d Remote Storage  |e HE2723 P7  |h Library of Congress classification  |i unmediated -- volume  |k v.86:no.1:ser.no.341  |l 1980  |m A14812242916  |p ric  |s JLF  |t 0 
952 f f |a Texas A&M University  |b Rellis Campus  |c Joint Library Facility  |d Remote Storage  |e HE2723 P7  |h Library of Congress classification  |i unmediated -- volume  |k v.81:no.3:ser.no.323  |l 1975  |m A14812242869  |p ric  |s JLF  |t 0 
952 f f |a Texas A&M University  |b Rellis Campus  |c Joint Library Facility  |d Remote Storage  |e HE2723 P7  |h Library of Congress classification  |i unmediated -- volume  |k v.89:no.1:ser.no.353  |l 1983  |m A14812242966  |p ric  |s JLF  |t 0 
952 f f |a Texas A&M University  |b Rellis Campus  |c Joint Library Facility  |d Remote Storage  |e HE2723 P7  |h Library of Congress classification  |i unmediated -- volume  |k v.77:no.2:ser.no.306  |l 1971  |m A14812243166  |p ric  |s JLF  |t 0 
952 f f |a Texas A&M University  |b Rellis Campus  |c Joint Library Facility  |d Remote Storage  |e HE2723 P7  |h Library of Congress classification  |i unmediated -- volume  |k v.78:no.2:ser.no.310  |l 1972  |m A14812242576  |p ric  |s JLF  |t 0 
998 f f |a HE2723 P7  |s no.349 (1982),no.353 (1983)  |t 0  |l Remote Storage